000 00691nam a2200217Ii 4500
003 JO-AjNU
008 230606s9999||||xx |||||||||||||| ||und||
020 _a978-1-119-80406-2
040 _aJO-AjNU
_beng
_erda
_cJO-AjNU
041 _aeng
050 1 4 _aQA76.9.2022
100 3 _a Peiris,Chris,Binil Pillai, Abbas Kudrati,
_eauthor
_96529
245 0 0 _aThreat Hunting in the Cloud: Defending AWS, Azure and Other Cloud Platforms Against Cyberattacks
250 _a1ed
264 3 1 _aCanada: Wiley,2022
300 _a504p
336 _atext
_btxt
_2rdacontent
337 _aunmediated
_bn
_2rdamedia
338 _avolume
_bnc
_2rdacarrier
650 4 _aThreat Hunting in the cloud
_96530
999 _aE3389
_c3385
_d3385